Ducs d'Aquitaine - Statistiques

Statistiques générales
  • Ce quiz a été pris 36 fois
  • Le résultat moyen est 27 sur 40
Statistiques - réponses
Maison/Dynastie Règne Duc % Correct
1137-1204* Aliénor d'Aquitaine
89%
Lancastre 1390-1399 Jean II de Gand
89%
1199-1216 Jean-sans-Terre
89%
Capétiens 1137-1152 Louis Ier
89%
Plantagenêt 1152-1189 Henri Ier
86%
1216-1272 Henri II
86%
1399 Henri III
86%
1399-1422 Henri IV
86%
1422-1453 Henri V
86%
1189-1196 Richard Ier Cœur de Lion
86%
Plantagenêt 1198-1199 Richard Ier Cœur de Lion
86%
1377-1390 Richard II
86%
Valois 1469-1472 Charles de France
82%
Guilhelmides 790-806 Guillaume de Gellone
82%
Guilhelmides 893/909-918 Guillaume Ier le Pieux
82%
Ramnulfides 962-963 Guillaume III Tête d'étoupe
82%
918-926 Guillaume II le Jeune
82%
963-995 Guillaume IV Fièrebrace
82%
1086-1126 Guillaume IX le Troubadour
82%
1039-1058 Guillaume VII Aigret
82%
1030-1038 Guillaume VI le Gros
82%
995-1030 Guillaume V le Grand
82%
1126-1137 Guillaume X le Toulousain
82%
1058-1086 Guy-Geoffroy-Guillaume VIII
82%
1362-1372 Édouard de Woodstock
68%
1272-1306 Édouard Ier
68%
1306-1325 Édouard II
68%
1325-1362 Édouard III
68%
1372-1377 Édouard III
68%
942-962 Raymond II
61%
Raimondins 932-942 Raymond Pons
61%
Ramnulfides 854-866 Ramnulf Ier
39%
888-890 Ramnulf II
39%
Welf 1196-1198 Othon de Brunswick
32%
1038-1039 Eudes
29%
Bourbon 1753-1754 Xavier de France
14%
Ramnulfides 927-932 Ebles Manzer
11%
926-927 Acfred
7%
/ 843 Begon
7%
/ 778-787 Corson
7%
Aucun quiz correspondant
Distribution des résultats
% des personnes avec chaque résultat
Percentile par nombre de réponses
Votre historique - résultats
Vous n’avez pas pris ce quiz